Chính sách Dinh điền của chính quyền Ngô Đình Diệm ở miền Nam Việt Nam (1957-1963)
Gardado en:
| Autor Principal: | |
|---|---|
| Formato: | Libro |
| Idioma: | Undetermined |
| Những chủ đề: | |
| Acceso en liña: | http://lrc.tdmu.edu.vn/opac/search/detail.asp?aID=2&ID=25877 |
| Các nhãn: |
Engadir etiqueta
Sen Etiquetas, Sexa o primeiro en etiquetar este rexistro!
|
| Thư viện lưu trữ: | Trung tâm Học liệu Trường Đại học Thủ Dầu Một |
|---|
| LEADER | 00684nam a2200145Ia 4500 | ||
|---|---|---|---|
| 001 | TDMU_25877 | ||
| 008 | 210410s9999 xx 000 0 und d | ||
| 082 | |a 306.362 | ||
| 100 | |a Trần, Thị Hà | ||
| 245 | 0 | |a Chính sách Dinh điền của chính quyền Ngô Đình Diệm ở miền Nam Việt Nam (1957-1963) | |
| 245 | 0 | |c Trần Thị Hà | |
| 300 | |a Tr.24-31 | ||
| 650 | |a Chính trị xã hội; Chính sách dinh điền; Chính quyền Ngô Đình Diệm; Thời Pháp thuộc ; 1957-1963 | ||
| 856 | |u http://lrc.tdmu.edu.vn/opac/search/detail.asp?aID=2&ID=25877 | ||
| 980 | |a Trung tâm Học liệu Trường Đại học Thủ Dầu Một | ||